Statistics for Mario Kart Tracks

Click here to take the quiz!

General Stats

  • This quiz has been taken 303 times
    (67 since last reset)
  • The average score is 121 of 166

Answer Stats

AppearancesTrack% Correct
3DS, Switch | DS | GBA | +5 othersRainbow Road
100%
3DS | DS, Switch | GBA, Wii U, Switch | +3 othersMario Circuit
97%
Wii, SwitchDaisy Circuit
93%
3DS | DS | N64, Wii | +2 othersBowser's Castle
90%
3DS, Wii U, SwitchDK Jungle
90%
GBA, DS | GCN, DS | WiiLuigi Circuit
90%
N64, Wii U, SwitchToad's Turnpike
90%
GCNBowser Castle
87%
GCN, Wii, SwitchDK Mountain
87%
Wii, SwitchDK Summit
87%
SNES, GBA, DSMario Circuit 1
87%
SNES, GBA, 3DSMario Circuit 2
87%
SNES, GBA, Wii, SwitchMario Circuit 3
87%
GBA, DSPeach Circuit
87%
DS, Wii U, Switch | N64Wario Stadium
87%
SNES, GBA, DSDonut Plains 1
83%
SNES, GBADonut Plains 2
83%
SNES, GBA, Wii U, SwitchDonut Plains 3
83%
SNES, GBAMario Circuit 4
83%
GCN, Wii, SwitchWaluigi Stadium
83%
GCN, DS, Wii U, SwitchYoshi Circuit
83%
GCN, DS, Wii U, SwitchBaby Park
80%
Wii, 3DS, SwitchCoconut Mall
80%
N64, WiiMario Raceway
80%
3DS, SwitchToad Circuit
80%
GBA, Wii U, SwitchCheese Land
77%
GCN, Wii U, SwitchDry Dry Desert
77%
Wii, Wii U, SwitchMoo Moo Meadows
77%
GCN, Wii U, Switch | N64, WiiSherbet Land
77%
DS, 3DS, SwitchWaluigi Pinball
77%
DS, WiiYoshi Falls
77%
N64, Wii U, SwitchYoshi Valley
77%
Wii U, SwitchAnimal Crossing
73%
N64, DSBanshee Boardwalk
73%
GBA, 3DS | SNES, GBABowser Castle 1
73%
GBA, DS | SNES, GBABowser Castle 2
73%
N64, DS, SwitchChoco Mountain
73%
Wii U, SwitchMount Wario
73%
Wii, 3DS, SwitchMushroom Gorge
73%
GCN, WiiPeach Beach
73%
3DS, Wii U, SwitchPiranha Plant Slide
73%
N64, Wii U, SwitchRoyal Raceway
73%
Wii U, SwitchToad Harbor
73%
Wii U, SwitchBig Blue
70%
GBA, Wii | SNES, GBA, SwitchBowser Castle 3
70%
GBABowser Castle 4
70%
GCN, 3DS, SwitchDaisy Cruiser
70%
DS, 3DSDK Pass
70%
N64, WiiD.K.'s Jungle Parkway
70%
Wii U, SwitchExcitebike Arena
70%
SNES, GBAGhost Valley 1
70%
SNES, GBA, WiiGhost Valley 2
70%
SNES, GBAGhost Valley 3
70%
Wii U, SwitchHyrule Circuit
70%
Wii U, SwitchIce Ice Outpost
70%
SNES, GBA, DSKoopa Beach 2
70%
N64, 3DSLuigi Raceway
70%
DS, 3DSLuigi's Mansion
70%
Wii U, SwitchMario Kart Stadium
70%
N64, DSMoo Moo Farm
70%
GCN, DSMushroom Bridge
70%
Tour, SwitchNew York Minute
70%
GBA, Wii U, SwitchRibbon Road
70%
GBA, SwitchSunset Wilds
70%
Wii U, SwitchSunshine Airport
70%
WiiToad's Factory
70%
SNES, GBAVanilla Lake 1
70%
SNES, GBAVanilla Lake 2
70%
3DSWario Shipyard
70%
Wii U, SwitchWater Park
70%
DS, 3DSAirship Fortress
67%
GBA, SwitchBoo Lake
67%
DS, Wii U, SwitchCheep Cheep Beach
67%
SNES, GBAChoco Island 1
67%
SNES, GBA, DSChoco Island 2
67%
GCN, 3DSDino Dino Jungle
67%
Wii U, SwitchDolphin Shoals
67%
N64, DSFrappe Snowland
67%
SNES, GBAKoopa Beach 1
67%
Wii, 3DS, SwitchKoopa Cape
67%
N64, 3DSKoopa Troopa Beach
67%
3DSMaka Wuhu
67%
Wii, 3DS, SwitchMaple Treeway
67%
GCNMushroom City
67%
Wii U, SwitchMute City
67%
Tour, SwitchNinja Hideaway
67%
Tour, SwitchParis Promenade
67%
Wii U, SwitchShy Guy Falls
67%
GBA, SwitchSky Garden
67%
GBA, SwitchSnow Land
67%
Wii U, SwitchSweet Sweet Canyon
67%
Wii U, SwitchThwomp Ruins
67%
Tour, SwitchTokyo Blur
67%
GCNWario Colosseum
67%
Wii, Wii U, SwitchWario's Gold Mine
67%
3DSWuhu Loop
67%
Tour, SwitchYoshi's Island
67%
Tour, SwitchAthens Dash
63%
Tour, SwitchBerlin Byways
63%
3DSCheep Cheep Lagoon
63%
Wii U, SwitchCloudtop Cruise
63%
3DSDaisy Hills
63%
DS, WiiDelfino Square
63%
WiiDry Dry Ruins
63%
Wii, Wii U, SwitchGrumble Volcano
63%
Tour, SwitchLondon Loop
63%
Tour, SwitchMerry Mountain
63%
Wii, SwitchMoonview Highway
63%
3DS, Wii U, SwitchMusic Park
63%
DS, Wii, SwitchPeach Gardens
63%
GBA, SwitchRiverside Park
63%
3DS, SwitchRock Rock Mountain
63%
3DSShy Guy Bazaar
63%
Wii U, SwitchSuper Bell Subway
63%
Tour, SwitchSydney Sprint
63%
DS, Wii U, SwitchTick Tock Clock
63%
Wii U, SwitchTwisted Mansion
63%
Tour, SwitchVancouver Velocity
63%
Wii U, SwitchBone Dry Dunes
60%
GBABroken Pier
60%
Wii U, SwitchDragon Driftway
60%
Wii U, SwitchElectrodrome
60%
DSFigure-8 Circuit
60%
Tour, SwichPiranha Plant Cove
60%
Tour, SwitchRome Avanti
60%
3DS, SwitchRosalina's Ice World
60%
DS, SwitchShroom Ridge
60%
GBA, WiiShy Guy Beach
60%
Tour, SwitchSingapore Speedway
60%
Wii U, SwitchWild Woods
60%
GBAYoshi Desert
60%
Tour, SwitchAmsterdam Drift
57%
DS, WiiDesert Hills
57%
N64, 3DS, SwitchKalimari Desert
57%
Tour, SwitchLos Angeles Laps
57%
3DS, Wii U, SwitchNeo Bowser City
57%
Tour, SwitchSqueaky Clean Sprint
57%
GBALakeside Park
53%
Tour, SwitchMadrid Drive
53%
Tour, SwitchSky-High Sundae
53%
Tour, SwitchBangkok Rush
50%
TourPiranha Plant Pipeway
47%
GBACheep Cheep Island
43%

Score Distribution

Percentile by Number Answered

Percent of People with Each Score

Your Score History

You have not taken this quiz since the last reset